00361nam a2200145Ia 4500008004100000020001500041041000800056082001700064100001700081245002000098250000700118260005300125300001300178650002400191210716s2003 xx 000 0 und d a8125915362 aeng a336.012 BHAH aBhatia, H L. aPublic finance. a27 aNew DelhibVikas Publishing House Pvt Ltdc2003 axiii,701 aPublic finance(336)